000 00728nam a2200265 a 4500
008
020 _a0471597732 (pbk.)
049 _aMAIN
090 _aQC23
100 1 _aCutnell, John D.
245 1 0 _aPhysics /
_cJohn D. Cutnell, Kenneth W. Johnson.
250 _a3rd ed.
260 _aNew York ;
_aChichester :
_bWiley,
_cc1995.
300 _axxxvii, 1031, [40] p. :
_bill. (some col.) ;
_c27 cm.
500 _aPrevious ed.: 1992.
500 _aIncludes index.
650 0 _aPhysics.
653 0 _aPhysics
700 1 _aJohnson, Kenneth
907 _a.b10006485
_b05-05-09
_c17-04-03
003
005 20230123133523.0
040 _cNUST
942 _cBOOKS
_kQC23
999 _c150024
_d150024